Home - Edward Sharpe & The Magnetic Zeros - All Lyrics - Statistics

General Stats
  • This quiz has been taken 298 times
  • The average score is 318 of 405
Answer Stats
Answer % Correct
a
99%
I
99%
oh
99%
oh,
99%
Oh,
99%
(Oh,
99%
the
99%
and
98%
And
98%
Daddy,
98%
do
98%
Do
98%
do,
98%
love
98%
Ma
98%
Mama,
98%
me
98%
me!
98%
me?
98%
my
98%
my,
98%
Not
98%
you
98%
Alabama,
97%
that
97%
that?
97%
way
97%
Arkansas,
96%
Arkansas
96%
Pa
96%
your
96%
home,
95%
home
95%
Home
95%
Home,
95%
home)
95%
I'm
92%
you're
92%
with
91%
eye
90%
La-la-la-la,
90%
of
90%
is
89%
apple
88%
when
88%
on
87%
we
87%
be
85%
like
85%
where
85%
never
84%
Never
84%
holy
83%
let
83%
come
82%
moly,
82%
to
81%
Well,
81%
we'll
81%
Well
81%
whenever
80%
in
79%
one
79%
a-free,
78%
Girl,
78%
loved
76%
friend,
75%
best
74%
nothing
74%
Jesus
72%
take
72%
There
72%
wherever
72%
pie
71%
Christ
70%
coming
69%
Man,
67%
man,
67%
pumpkin
67%
than
65%
it
63%
scream
63%
What
63%
ain't
62%
Chocolate
60%
die,
59%
more
59%
need
59%
candy,
58%
remember
58%
night
56%
all
55%
nothingness
55%
please
55%
hot
53%
into
52%
heavy
51%
until
51%
Alexander?
50%
fell
50%
out
50%
outta
50%
something
50%
waterfalls,
50%
waterfalls
50%
calls
49%
it's
49%
day
48%
pay
48%
phone
48%
see
48%
were
48%
I'll
47%
summer
47%
was
47%
window?
47%
alleyways
46%
Alleyways
46%
dark
45%
deep,
45%
run
45%
think
45%
Yes,
45%
yes,
45%
last
44%
only
44%
boats
43%
cigarette
43%
park
43%
sure
43%
alone
42%
falling
42%
follow
42%
Laugh
42%
Through
42%
through
42%
told
42%
broke
41%
deeply
41%
jungle,
41%
Moats
41%
thought
41%
ass
40%
back
39%
smoking
39%
there's
39%
am
38%
gonna
37%
streets,
37%
after
36%
nearly
36%
sweeter
36%
tell
36%
barefoot
35%
didn't
35%
now!
35%
(That's
35%
'til
35%
Jade?
34%
bleeding
33%
came
33%
about
32%
Geez,
32%
over
32%
place
32%
seat,
32%
sitting
32%
been
31%
everywhere
31%
just
31%
concrete
30%
jumping
30%
true)
30%
hospital,
29%
While
29%
payphone
28%
could
23%
rushed
19%
No matching quizzes found
Score Distribution
Percent of People with Each Score
Percentile by Number Answered
Your Score History
You have not taken this quiz